Logo BPK

Bibliografia Prac Pracowników

Politechniki Koszalińskiej

Wyniki badań przepływowych i cieplnych oziębiaczy typu ONE 8-9A i ONB 8-50A. (Rekord nr 2004)

Szczegóły MARC
000 -ETYKIETA REKORDU
podpole kontrolne o stałej długości 01539nam a2200241 i 4500
001 - NUMER KONTROLNY REKORDU
podpole kontrolne BPP
003 - IDENTYFIKATOR NUMERU KONTROLNEGO REKORDU
podpole kontrolne BPK
005 - DATA OSTATNIEJ MODYFIKACJI REKORDU
podpole kontrolne 20180412112417.0
008 - POLE O STAŁEJ DŁUGOŚCI - DANE KONTROLNE
podpole kontrolne o stałej długości 140226s1987 pl f f |000 0 pol |
040 ## - ŹRÓDŁO KATALOGOWANIA
Instytucja, która utworzyła rekord BPK
080 ## - UNIWERSALNA KLASYFIKACJA DZIESIĘTNA - UKD
UKD 621.5
100 ## - NAZWA OSOBOWA
Nazwa osobowa CZAPP, Marian.
Lata pracy 1982 - 1996.
Instytucja Wyższa Szkoła Inżynierska w Koszalinie - Wydział Mechaniczny,
Wydział Zakład Termodynamiki i Chłodnictwa
245 ## - TYTUŁ/ODPOWIEDZIALNOŚĆ
Tytuł Wyniki badań przepływowych i cieplnych oziębiaczy typu ONE 8-9A i ONB 8-50A.
Oznaczenie części/sekcji dzieła Cz.1 /
Pozostałe elementy strefy tytułu i oznaczenia odpowiedzialności Marian Czapp, Tadeusz Bohdal, Henryk Charun, Juliusz Sławecki, Teresa Kacalak.
260 ## - STREFA ADRESU WYDAWNICZEGO
Miejsce wydania Koszalin,
Data publikacji, dystrybucji/powstania dokumentu 1987.
500 ## - UWAGI OGÓLNE
Tekst uwagi Dane z autopsji.
520 ## - UWAGA DOTYCZĄCA TREŚCI DOKUMENTU
Analiza dokumentacyjna, adnotacja itp. Celem opracowania jest przedstawienie charakterystyk przepływowych i cieplnych dostarczonych oziębiaczy powietrza, uzyskanych eksperymentalnie na stanowiskach badawczych w założonym zakresie ich pracy.
650 #0 - HASŁO PRZEDMIOTOWE W FORMIE NAZWY OGÓLNEJ LUB JEDNOSTKOWEJ
Nazwa ogólna lub geograficzna Chłodnictwo - urządzenia.
700 ## - HASŁO DODATKOWE - NAZWA OSOBOWA
Nazwa osobowa KACALAK, Teresa.
Lata pracy 1976 -1996.
Instytucja Wyższa Szkoła Inżynierska w Koszalinie - Wydział Mechaniczny,
Wydział Zakład Termodynamiki i Chłodnictwa
700 ## - HASŁO DODATKOWE - NAZWA OSOBOWA
Nazwa osobowa BOHDAL, Tadeusz.
Lata pracy 1976 - 1996.
Instytucja Wyższa Szkoła Inżynierska w Koszalinie - Wydział Mechaniczny,
Wydział Zakład Termodynamiki i Chłodnictwa
700 ## - HASŁO DODATKOWE - NAZWA OSOBOWA
Nazwa osobowa SŁAWECKI, Juliusz.
Lata pracy 1975 - 1992.
Instytucja Wyższa Szkoła Inżynierska w Koszalinie - Wydział Mechaniczny,
Wydział Zakład Termodynamiki i Chłodnictwa
700 ## - HASŁO DODATKOWE - NAZWA OSOBOWA
Nazwa osobowa CHARUN, Henryk.
Lata pracy 1982 - 1996.
Instytucja Wyższa Szkoła Inżynierska w Koszalinie - Wydział Mechaniczny,
Wydział Zakład Termodynamiki i Chłodnictwa
942 ## - HASŁO DODATKOWE - ELEMENTY(KOHA)
Typ dokumentu Materiały nieopublikowane
Schemat klasyfikacji Uniwersalna klasyfikacja dziesiętna
Egzemplarze
Wycofany Zagubiony Uszkodzony Dostępność Lokalizacja stała Lokalizacja bieżąca Sygnatura Typ dokumentu
      Dostępny Bibliografia Prac Pracowników - BPK Bibliografia Prac Pracowników - BPK NB-209/I Materiały nieopublikowane
© 2014 Biblioteka Politechniki Koszalińskiej :: BIBLIOGRAFIA PRAC PRACOWNIKÓW